Reconnais et nomme ces artistes francophones VOL3 - Statistiques

Statistiques générales
  • Ce quiz a été pris 77 fois
  • Le résultat moyen est 11 sur 16
Statistiques - réponses
Par images Réponse % Correct
Daft Punk
96%
Amel Bent
94%
Vanessa Paradis
91%
Serge Gainsbourg
85%
Calogero
82%
Mylène Farmer
82%
Lorie
73%
Pierre Garnier
70%
Dadju
69%
IAM
67%
Corneille
54%
Khaled
52%
Véronique Sanson
51%
Kyo
46%
Feu! Chatterton
34%
Zouk Machine
13%
Aucun quiz correspondant
Distribution des résultats
% des personnes avec chaque résultat
Percentile par nombre de réponses
Votre historique - résultats
Vous n’avez pas pris ce quiz